Practice of Life Insurance/ (Record no. 210177)
[ view plain ]
| 000 -LEADER | |
|---|---|
| fixed length control field | 00598nam a22001937a 4500 |
| 005 - DATE AND TIME OF LATEST TRANSACTION | |
| control field | 20250307153443.0 |
| 010 ## - LCCN (DPL NO) | |
| LC control number | ENG-143991 |
| 020 ## - INTERNATIONAL STANDARD BOOK NUMBER | |
| Terms of availability | 200.00 |
| 035 ## - SYSTEM CONTROL NUMBER | |
| System control number | EN-127523 |
| 037 ## - SOURCE OF ACQUISITION | |
| Stock number | DBAD |
| 082 ## - DEWEY DECIMAL CLASSIFICATION NUMBER | |
| Classification number | 368.32 |
| 100 ## - MAIN ENTRY--PERSONAL NAME | |
| Personal name | Jain, Anuradha |
| 245 ## - TITLE STATEMENT | |
| Title | Practice of Life Insurance/ |
| Statement of responsibility, etc | by Anuradha Jain [and] Saumya Chaturvedi |
| 260 ## - PUBLICATION, DISTRIBUTION, ETC. (IMPRINT) | |
| Place of publication, distribution, etc | New Delhi |
| Name of publisher, distributor, etc | Mayur Books |
| Date of publication, distribution, etc | 2021 |
| 270 ## - ADDRESS | |
| Address | 4226/1, Ansari Road, Daryaganj |
| City | New Delhi |
| Postal code | 110002 |
| Telephone number | - |
| Fax number | - |
| Electronic mail address | - |
| 300 ## - PHYSICAL DESCRIPTION | |
| Extent | 226p.: |
| Other physical details | ill. |
| Dimensions | 24cm(Hb) |
| 700 ## - ADDED ENTRY--PERSONAL NAME | |
| Personal name | Chaturvedi, Saumya |
| Relator term | Author |
| 9 (RLIN) | 79417 |
| 942 ## - ADDED ENTRY ELEMENTS (KOHA) | |
| Source of classification or shelving scheme | Dewey Decimal Classification |
| Item type | English Books |
| Classification part | 368.32 |
| Call number suffix | JAI |
| Withdrawn status | Lost status | Not for loan | Collection code | Home library | Current library | Date acquired | Source of acquisition | Cost, normal purchase price | Full call number | Barcode | Copy number | Cost, replacement price | Koha item type |
|---|---|---|---|---|---|---|---|---|---|---|---|---|---|
| Not For Loan | Non-fiction | D.B.Act.Division | D.B.Act.Division | 07/03/2025 | Delivery of Books Act Division | 200.00 | 368.32 JAI | EN-127523 | 1 | 200.00 | English Books |
